| 000 | 00637nam a2200205Ia 4500 | ||
|---|---|---|---|
| 003 | GCL | ||
| 008 | 140319s9999 xx 000 0 ara d | ||
| 040 |
_aGCL / _cGCL |
||
| 082 | 0 | 4 |
_a894.541303 _bو م |
| 100 | 1 | _aطه حسين | |
| 245 | 1 | 0 |
_aالمصرى دنيا سنوحى (هدية من الاديب عبد الفتاح الجمل) / _cطه حسين |
| 700 | 1 | _aوولتارى , مايكا | |
| 700 | 1 | _aخالد القصبى | |
| 300 | _a398 ص | ||
| 490 | _a | ||
| 650 | 0 | 4 | _aالادب العربى |
| 650 | 0 | 4 | _aالادب الفنلندى |
| 650 | 0 | 4 | _aالقصة الفنلندية المترجمة |
| 942 |
_2ddc _cBK |
||
| 999 |
_c39700 _d39700 |
||